000
00322nam a22001457a 4500
008
180814b xxu||||| |||| 00| 0 eng d
020
_a
0803931484
041
_a
eng
080
_a
616
082
_a
616
100
_a
9
101
_a
PAT
245
_a
Child psychopathology and the quest for control
942
_2
udc
_c
BK
999
_c
47141
_d
47141